Countries' Names - Plurals - Statistics

General Stats
  • This quiz has been taken 29 times
    9 since last reset
  • The average score is 8 of 13
Answer Stats
% Correct
St. Vincent and the Grenadines Countries with plural names
88%
United States of America Countries with plural names
88%
Marshall Islands Countries with plural names
75%
Solomon Islands Countries with plural names
75%
Bahamas Countries with plural names
63%
Comoros Countries with plural names
63%
Maldives Countries with plural names
63%
Netherlands Countries with plural names
63%
Phillippines Countries with plural names
63%
{Seychelles} *is both plural and singular Countries with plural names
63%
United Arab Emirates Countries with plural names
63%
Barbados Countries with plural names
25%
Honduras Countries with plural names
13%
No matching quizzes found
Score Distribution
Percent of People with Each Score
Percentile by Number Answered
Your Score History
You have not taken this quiz since the last reset